Statistics for Can You Name All Of Billie Eilish songs? (HARD)

Click here to take the quiz!

General Stats

  • This quiz has been taken 1,379 times
  • The average score is 22 of 40

Answer Stats

Album/EPSong% Correct
When We All Fall Asleep, Where Do We Go?Bad Guy
90%
Single (feat Khalid)Lovely
90%
don't smile at meOcean eyes
82%
When We All Fall Asleep, Where Do We Go?I love you
80%
don't smile at meBellyache
79%
When We All Fall Asleep, Where Do We Go?Bury a friend
79%
don't smile at meCOPYCAT
78%
don't smile at meidontwannabeyouanymore
78%
When We All Fall Asleep, Where Do We Go?Xanny
77%
When We All Fall Asleep, Where Do We Go?8
74%
When We All Fall Asleep, Where Do We Go?All the good girls go to hell
74%
When We All Fall Asleep, Where Do We Go?ilomilo
73%
don't smile at meWatch
73%
When We All Fall Asleep, Where Do We Go?When the party's over
73%
When We All Fall Asleep, Where Do We Go?Wish you were gay
71%
don't smile at meMy boy
70%
When We All Fall Asleep, Where Do We Go?You should see me in a crown
70%
don't smile at me&burn
69%
When We All Fall Asleep, Where Do We Go?Listen before i go
68%
don't smile at meHostage
67%
When We All Fall Asleep, Where Do We Go?My strange addiction
67%
don't smile at meParty favor
66%
SingleBored
60%
SingleSix feet under
59%
Song inspired by flim RomaWhen I Was Older
59%
SingleBitches broken hearts
55%
SingleCome out and play
54%
Single for XXXTENTACION6.18.18
38%
Unreleased singleTrue Blue
32%
Unreleased singleFingers crossed
30%
Unreleased singleLimbo
29%
coverHotline bling
26%
coverThe end of the world
26%
Unreleased singleShe's broken
24%
Unreleased singleAnother Stupid Song
19%
Unreleased singleBad Company
15%
Unreleased singleThe Hill
15%
coverDancing On My Own
12%
coverSex
12%
coverCall me back
11%

Score Distribution

Percentile by Number Answered

Percent of People with Each Score

Your Score History

You have not taken this quiz